| 000 | 00896cam a22002891 4500 | ||
|---|---|---|---|
| 001 | 18043 | ||
| 003 | BD-RjUL | ||
| 005 | 20211209000229.0 | ||
| 008 | 191224s19261927nyuf 000 0 eng | ||
| 035 | _a(BD-RjUL) | ||
| 035 | _a(OCoLC)561366 | ||
| 040 |
_aDLC _cODaWU _dOCoLC _dDLC _beng |
||
| 041 | _aeng | ||
| 042 | _apremarc | ||
| 082 |
_223 _a799.2 _bSTD 1926 |
||
| 100 | 1 |
_aStreeter, Daniel Willard, _d1883- _9236802 |
|
| 245 | 1 | 0 |
_aDenatured Africa / _cby Daniel W. Streeter ... |
| 260 |
_aNew York, _aLondon : _bG.P. Putnam's Sons, _c1926.[1927] |
||
| 300 |
_axii, 338 p. : _bfront., plates.; _c23 cm. |
||
| 500 | _aMaps on lining-papers. | ||
| 650 | 0 |
_aHunting _zAfrica, British East. _9236803 |
|
| 651 | 0 |
_aAfrica, East _xDescription and travel. _9236804 |
|
| 906 |
_a7 _bcbc _coclcrpl _du _encip _f19 _gy-gencatlg |
||
| 942 |
_2ddc _cBK |
||
| 999 |
_c18043 _d18043 |
||